000 00678nam a2200229 a 4500
008
049 _aMAIN
090 _aRC46
_bENC.
245 4 _aThe encyclopaedia of general practice/
_c edited by G.F Abercrombie [and] R.M.S McConaghey.
260 _aLondon :
_bButterworths,
_c1964.
300 _axi, 514p. :
_bill. ;
_c 23 cm.
505 _aPoisoning to skin.
650 _aFamily medicine.
650 _aGeneral Practice.
700 _aAbercrombie, G. F.
700 _aMcConaghey, R. M. S.
907 _a.b10357208
_b27-04-15
_c24-04-15
003
005 20230120204153.0
040 _cNUST
942 _cBOOKS
_kRC46
_mENC.
999 _c118385
_d118385